| 000 | 00628 a2200265 4500 | ||
|---|---|---|---|
| 260 | _aParis | ||
| 630 | _a33 - Economie. Economie politique | ||
| 037 | _b1, Achat | ||
| 650 | _a3 - SCIENCES SOCIALES | ||
| 100 | _aDuharcourt, Pierre | ||
| 260 | _bEditions Sirey | ||
| 245 | _aLa Fonction d'investissement | ||
| 440 | _v15 | ||
| 300 | _a132 p. | ||
| 650 | _aInvestissement : théorie | ||
| 260 | _c1970 | ||
| 300 | _b22 cm | ||
| 100 | _lFr | ||
| 440 | _aRecherches économiques et financières | ||
| 037 | _aDE 10436 | ||
| 037 | _a10433 | ||
| 650 | _aFonction d'investissement | ||
| 999 |
_c38652 _d38652 |
||